<?xml version="1.0" encoding="UTF-8"?>
<collection xmlns:xsi="http://www.w3.org/2001/XMLSchema-instance" xsi:schemaLocation="http://www.loc.gov/MARC21/slim http://www.loc.gov/standards/marcxml/schema/MARC21slim.xsd" xmlns="http://www.loc.gov/MARC21/slim">
 <record>
  <leader>00000ctm a22000004a 4500</leader>
  <controlfield tag="001">UP-8027390931316075118</controlfield>
  <controlfield tag="003">Buklod</controlfield>
  <controlfield tag="005">20071106143602.0</controlfield>
  <controlfield tag="006">a     r    |||| u|</controlfield>
  <controlfield tag="007">ta</controlfield>
  <controlfield tag="008">040920s2004    xx      r    |||| u|eng d</controlfield>
  <datafield tag="035" ind1=" " ind2=" ">
   <subfield code="a">(iLib)UPMIN-00000009350</subfield>
  </datafield>
  <datafield tag="040" ind1=" " ind2=" ">
   <subfield code="a">DLC</subfield>
   <subfield code="c">DLC</subfield>
   <subfield code="d">upmin</subfield>
  </datafield>
  <datafield tag="041" ind1=" " ind2=" ">
   <subfield code="a">eng</subfield>
  </datafield>
  <datafield tag="090" ind1=" " ind2=" ">
   <subfield code="a">LG 993.5 2004 E2</subfield>
   <subfield code="b">C37</subfield>
  </datafield>
  <datafield tag="100" ind1="1" ind2=" ">
   <subfield code="a">Carillo, Maria Jinsel P.</subfield>
   <subfield code="e">author.</subfield>
  </datafield>
  <datafield tag="245" ind1="1" ind2="0">
   <subfield code="a">Market potential analysis of selected fish products in Southern Mindanao</subfield>
   <subfield code="c">Maria Jinsel P. Carillo ; Larry N. Digal, adviser.</subfield>
  </datafield>
  <datafield tag="300" ind1=" " ind2=" ">
   <subfield code="a">viii, 72 leaves</subfield>
   <subfield code="b">illustrations</subfield>
  </datafield>
  <datafield tag="502" ind1=" " ind2=" ">
   <subfield code="a">Thesis, Undergraduate (BS Economics)--University of the Philippines, Mindanao</subfield>
  </datafield>
  <datafield tag="520" ind1=" " ind2=" ">
   <subfield code="a">The study was done to analyze the market potential analysis of selected fish products in Southern Mindanao, namely: '&quot;bangus,&quot; &quot;tilapia,&quot; and &quot;sugpo.&quot; This was done to identify market opportunities for the said fish in Region XI. A secondary data analysis was conducted, as well as interview of key informants in the market. The secondary data were gathered from the Bureau of Agricultural Statistics (BAS), the Bureau of Aquatic Resources (BFAR), and the National Statistics Coordinating Board (NSCB). Moreover, Internet sites such as the Philippine Institute for Development Studies (PIDS) Online Database supplemented the needed data- The study looked into the market potential by examining the relationship among the factors that influenced the quantity demanded of the said fish products. The income elasticity of demand, the own-price elasticity and the cross-price elasticity of the said fish products were also computed. The computed income elasticity of demand for &quot;bangus&quot; and &quot;sugpo&quot; 9.08 and 12.12, respectively. These indicate that the two fish products have potentials in the Southern Mindanao market.</subfield>
  </datafield>
  <datafield tag="650" ind1=" " ind2="0">
   <subfield code="a">Tilapia industry</subfield>
   <subfield code="z">Mindanao, Southern (Philippines)</subfield>
  </datafield>
  <datafield tag="650" ind1=" " ind2="0">
   <subfield code="a">Milkfish industry</subfield>
   <subfield code="z">Mindanao, Southern (Philippines)</subfield>
  </datafield>
  <datafield tag="650" ind1=" " ind2="0">
   <subfield code="a">Sugpo industry</subfield>
   <subfield code="z">Mindanao, Southern (Philippines)</subfield>
  </datafield>
  <datafield tag="700" ind1="1" ind2=" ">
   <subfield code="a">Digal, Larry N.</subfield>
   <subfield code="e">adviser.</subfield>
  </datafield>
  <datafield tag="905" ind1=" " ind2=" ">
   <subfield code="a">FI</subfield>
  </datafield>
  <datafield tag="905" ind1=" " ind2=" ">
   <subfield code="a">UP</subfield>
  </datafield>
  <datafield tag="852" ind1="0" ind2=" ">
   <subfield code="a">UPMIN</subfield>
   <subfield code="b">UPMIN-MAIN</subfield>
   <subfield code="h">LG 993.5 2004 E2 C37</subfield>
  </datafield>
  <datafield tag="852" ind1="0" ind2=" ">
   <subfield code="a">UPMIN</subfield>
   <subfield code="b">UPMIN-MAIN</subfield>
   <subfield code="h">LG993.5 2004 E2 C37</subfield>
  </datafield>
  <datafield tag="942" ind1=" " ind2=" ">
   <subfield code="a">Thesis</subfield>
  </datafield>
 </record>
</collection>
